000 00599nam a2200229Ia 4500
003 BUBTL
008 151213s9999 xx 000 0 und d
020 _a041669680
082 _a822.33/ K8489s/ 1967
100 _aKott, Jan
_94968
245 _aShakespeare Our Contemporary :
_cJan Kott
250 _a2nd Edn
260 _aLondon
_bMathven & Co.Ltd.
_cc1967
300 _a308p. :
_b19 cn
500 _aIncludes Index
650 _aEnglish Literature
650 _a
700 _aJan Kott
_94969
856 _k0
_l0
_yDownload
942 _2ddc
_cBK
999 _c2343
_d2343